000 01364cam a2200289zu 4500
001 88811877
003 FRCYB88811877
005 20251020124131.0
006 m o d
007 cr un
008 251020s2013 fr | o|||||0|0|||fre d
020 _a9782100588169
035 _aFRCYB88811877
040 _aFR-PaCSA
_bfr
_c
_erda
100 1 _aGarcia, Claire
245 0 1 _a10 Cas de Marketing
_bEtudes de cas d'entreprises avec corrigés détaillés
_c['Garcia, Claire', 'Martinez, Jean-Louis ']
264 1 _bDunod
_c2013
300 _a p.
336 _btxt
_2rdacontent
337 _bc
_2rdamdedia
338 _bc
_2rdacarrier
650 0 _a
700 0 _aGarcia, Claire
700 0 _aMartinez, Jean-Louis
856 4 0 _2Cyberlibris
_uhttps://international.scholarvox.com/netsen/book/88811877
_qtext/html
_a
520 _aCet ouvrage propose une dizaine de cas marketing réels dans des secteurs d'activité divers, en B to B et en B to C. Ces études sont réalisées en collaboration avec les entreprises. Chaque étude présente l'environnement de l'entreprise, la problématique et les informations nécessaires qui permettent d'envisager une ou plusieurs solutions. Solutions qui sont ensuite proposées en fin de chaque cas. Des pistes complémentaires pourront être mises en ligne à destination des professeurs 
999 _c1556459
_d1556459